[Event "4NCL 2017-18"]
[Site "England ENG"]
[Date "2018.05.05"]
[Round "9.22"]
[White "Alsina Leal, Daniel"]
[Black "Trent, Lawrence"]
[Result "1/2-1/2"]
[WhiteTitle "GM"]
[BlackTitle "IM"]
[WhiteElo "2487"]
[BlackElo "2417"]
[WhiteTeam "White Rose"]
[BlackTeam "Guildford"]
[WhiteFideId "2252627"]
[BlackFideId "408638"]
[EventDate "2017.11.11"]

1. e4 e5 2. Nf3 Nc6 3. d4 exd4 4. Nxd4 Bb4+ 5. c3 Be7 6. Nxc6 bxc6 7. Bd3 d6 8.
O-O Nf6 9. Nd2 O-O 10. Qc2 Nd7 11. Nf3 Nc5 12. Nd4 Qe8 13. Be2 Bf6 14. Bf3 Bd7
15. Be3 Qe5 16. g3 Rfe8 17. Rfe1 Bg5 18. Bg2 Bxe3 19. Rxe3 Ne6 20. Rd1 a5 21.
Qe2 Rab8 22. Rd2 a4 23. Nf3 Qb5 24. e5 Qxe2 25. Rexe2 Nc5 26. exd6 Rxe2 27. Rxe2
cxd6 28. Nd4 d5 29. Rd2 Kf8 30. f3 Ne6 31. Kf2 c5 32. Ne2 Bb5 33. f4 Bc4 34. a3
g6 35. Bf3 Ke7 36. Nc1 d4 37. cxd4 Nxd4 38. Bd1 Bb3 39. Bxb3 Nxb3 40. Nxb3 Rxb3
41. Ke2 c4 42. Rc2 Kd6 43. Rxc4 Rxb2+ 44. Kf3 Rb3+ 45. Kg4 Rxa3 46. Kg5 Ra2 47.
Kf6 Kd5 1/2-1/2

[Event "4NCL 2017-18"]
[Site "England ENG"]
[Date "2018.05.05"]
[Round "9.23"]
[White "Hebden, Mark L"]
[Black "McNab, Colin A"]
[Result "1/2-1/2"]
[WhiteTitle "GM"]
[BlackTitle "GM"]
[WhiteElo "2458"]
[BlackElo "2416"]
[WhiteTeam "Guildford"]
[BlackTeam "White Rose"]
[WhiteFideId "400084"]
[BlackFideId "2400030"]
[EventDate "2017.11.11"]

1. e4 g6 2. d4 d6 3. Bc4 Bg7 4. Nf3 Nf6 5. Qe2 O-O 6. e5 Ne8 7. O-O Bg4 8. Rd1
Nc6 9. Bd5 e6 10. Bxc6 bxc6 11. Nbd2 c5 12. h3 Bxf3 13. Nxf3 cxd4 14. Rxd4 Qe7
15. Rd3 dxe5 16. Nxe5 Nd6 17. Bd2 f6 18. Nc6 Qe8 19. Na5 f5 20. Bb4 Rd8 21. Rad1
e5 22. Bxd6 Rxd6 23. Rxd6 cxd6 24. Qc4+ Kh8 25. Nb7 e4 26. Nxd6 Qe7 27. c3 h5
28. Qe2 Kh7 29. c4 Rd8 30. c5 Be5 31. Qd2 f4 32. Re1 Bxd6 33. cxd6 Qxd6 34. Qxd6
Rxd6 35. Rxe4 Rd1+ 36. Kh2 Rd2 37. Rxf4 Rxb2 38. Rf7+ Kh6 39. Rxa7 Rxf2 40. h4
Rf4 41. Kh3 Rf6 42. Ra5 Rf4 43. a4 Rc4 44. Ra8 Rd4 45. a5 Ra4 46. a6 Kg7 47. a7
Ra3+ 48. Kh2 Ra4 49. Kg3 Ra1 50. Kf4 1/2-1/2

[Event "4NCL 2017-18"]
[Site "England ENG"]
[Date "2018.05.05"]
[Round "9.24"]
[White "Adair, James R"]
[Black "Sarakauskas, Gediminas"]
[Result "1-0"]
[WhiteTitle "IM"]
[BlackTitle "IM"]
[WhiteElo "2486"]
[BlackElo "2424"]
[WhiteTeam "White Rose"]
[BlackTeam "Guildford"]
[WhiteFideId "406252"]
[BlackFideId "12800724"]
[EventDate "2017.11.11"]

1. e4 e5 2. Nf3 Nc6 3. d4 exd4 4. Nxd4 Bb4+ 5. c3 Bc5 6. Be3 Bb6 7. Nf5 Bxe3 8.
Nxe3 Nf6 9. f3 O-O 10. c4 d6 11. Nc3 Nd7 12. Be2 Nc5 13. Qd2 a5 14. O-O Ne7 15.
f4 f5 16. Bf3 Bd7 17. Rae1 Kh8 18. exf5 Nxf5 19. Ne4 Nxe4 20. Bxe4 Nxe3 21. Rxe3
Qf6 22. f5 Rae8 23. Bxb7 Rb8 24. Bd5 Rxb2 25. Qxa5 Qd4 26. Re1 Bxf5 27. Qc3 Qxc3
28. Rxc3 Rxa2 29. Rf3 h5 30. Re7 Ra1+ 31. Kf2 Ra2+ 32. Kg1 Ra1+ 33. Kf2 Ra2+ 34.
Kg3 Rf6 35. Kh4 Kh7 36. Rxf5 Rxf5 37. Be4 Rf2 38. g4 hxg4 39. Rf7 Rf4 40. Bxf5+
Kg8 41. Kg5 Rxc4 42. Kg6 Rf4 43. Rxg7+ Kf8 44. Rf7+ Kg8 45. Rxc7 Kf8 46. Kf6 1-0

[Event "4NCL 2017-18"]
[Site "England ENG"]
[Date "2018.05.05"]
[Round "9.25"]
[White "Suarez Real, Alberto"]
[Black "Chow, Samuel"]
[Result "1-0"]
[WhiteTitle "IM"]
[BlackTitle "FM"]
[WhiteElo "2434"]
[BlackElo "2306"]
[WhiteTeam "Guildford"]
[BlackTeam "White Rose"]
[WhiteFideId "2218534"]
[BlackFideId "3202992"]
[EventDate "2017.11.11"]

1. e4 e6 2. d4 d5 3. Nd2 Nf6 4. Bd3 c5 5. e5 Nfd7 6. c3 Nc6 7. Ngf3 Be7 8. O-O
a5 9. Bc2 cxd4 10. cxd4 Nb4 11. Bb1 a4 12. Re1 Nb6 13. Nf1 Bd7 14. Qd2 Bb5 15.
a3 Nc6 16. Qf4 Na5 17. Ba2 Bc4 18. Qg3 Kf8 19. Bd2 Bxa2 20. Bxa5 Rxa5 21. Rxa2
Nc4 22. Ne3 b5 23. h4 Ra6 24. Re2 Rc6 25. Ra1 Qc7 26. Rf1 h6 27. Ne1 Qb6 28.
N1c2 h5 29. Rb1 g6 30. b3 axb3 31. Rxb3 Kg7 32. Qf4 Qa5 33. Nb4 Rcc8 34. Nec2
Qd8 35. Rf3 Rf8 36. g3 g5 37. Qc1 gxh4 38. gxh4 Bxh4 39. Kh1 Qg5 40. Rg3 Qg6 41.
Rxg6+ fxg6 42. Nd3 Be7 43. Nc5 1-0

[Event "4NCL 2017-18"]
[Site "England ENG"]
[Date "2018.05.05"]
[Round "9.26"]
[White "Arakhamia-Grant, Ketevan"]
[Black "Wadsworth, Matthew J"]
[Result "1-0"]
[WhiteTitle "GM"]
[BlackTitle "FM"]
[WhiteElo "2338"]
[BlackElo "2354"]
[WhiteTeam "White Rose"]
[BlackTeam "Guildford"]
[WhiteFideId "13600168"]
[BlackFideId "415804"]
[EventDate "2017.11.11"]

1. e4 c5 2. Nc3 e6 3. Nf3 Nc6 4. d4 cxd4 5. Nxd4 Qc7 6. f4 a6 7. Be3 b5 8. Nxc6
Qxc6 9. Bd3 Nf6 10. Qf3 Bb7 11. Bd4 b4 12. Bxf6 gxf6 13. Ne2 Bc5 14. f5 e5 15.
O-O-O a5 16. Kb1 Ke7 17. Qh5 Ba6 18. Bxa6 Rxa6 19. Rd5 a4 20. Rhd1 d6 21. R1d3
a3 22. b3 Rg8 23. Qf3 Raa8 24. c4 Rg7 25. g3 Rag8 26. Rd1 h5 27. Qxh5 Rg4 28. h3
Rxe4 29. Qf3 Rxe2 30. Qxe2 Rxg3 31. h4 Qc8 32. Qe4 Re3 33. Qg4 Qh8 34. h5 Qh6
35. Rxc5 dxc5 36. Qg8 Qf8 37. Rd7+ 1-0

[Event "4NCL 2017-18"]
[Site "England ENG"]
[Date "2018.05.05"]
[Round "9.27"]
[White "Milliet, Sophie"]
[Black "Townsend, M Paul"]
[Result "1-0"]
[WhiteTitle "IM"]
[WhiteElo "2391"]
[BlackElo "2216"]
[WhiteTeam "Guildford"]
[BlackTeam "White Rose"]
[WhiteFideId "623725"]
[BlackFideId "402320"]
[EventDate "2017.11.11"]

1. e4 e6 2. d4 d5 3. Nc3 Bb4 4. e5 c5 5. a3 cxd4 6. axb4 dxc3 7. Nf3 Ne7 8. Bd3
Nd7 9. O-O Nc6 10. Re1 Nxb4 11. bxc3 Nxd3 12. cxd3 O-O 13. Ba3 Re8 14. Nd4 a6
15. Bd6 f6 16. f4 Nf8 17. Qf3 Ng6 18. f5 Nxe5 19. Bxe5 fxe5 20. Rxe5 Rf8 21.
Rae1 exf5 22. Rxd5 Qc7 23. Rde5 Bd7 24. Qd5+ Kh8 25. Re7 Rad8 26. Qb3 b5 27. Nf3
h6 28. Ne5 Kh7 29. d4 Rfe8 30. Rxe8 Rxe8 31. Qf7 Qd6 32. Rf1 Re7 33. Qf8 Be6 34.
Rf3 Qc7 35. Rg3 f4 36. Qxf4 Rf7 37. Qe4+ Bf5 38. Qd5 Rf8 39. Rf3 Rf6 40. g4 Bc2
41. Rxf6 gxf6 42. Nd7 Kg7 43. Qe6 Qd8 44. Nc5 Bg6 45. Qxa6 Qe8 46. Qe6 Qa8 47.
Qe7+ Bf7 48. Ne4 Qa6 49. Nd6 Qa1+ 50. Kf2 Qb2+ 51. Kg3 Qxc3+ 52. Kh4 Qb3 53.
Nf5+ Kg8 54. Qd8+ 1-0

[Event "4NCL 2017-18"]
[Site "England ENG"]
[Date "2018.05.05"]
[Round "9.28"]
[White "Weller, Jean-Luc"]
[Black "Kilpatrick, Callum"]
[Result "1/2-1/2"]
[BlackTitle "FM"]
[WhiteElo "2274"]
[BlackElo "2349"]
[WhiteTeam "White Rose"]
[BlackTeam "Guildford"]
[WhiteFideId "421936"]
[BlackFideId "414425"]
[EventDate "2017.11.11"]

1. d4 Nf6 2. c4 g6 3. Nc3 d5 4. cxd5 Nxd5 5. Bd2 Nb6 6. e4 Qxd4 7. Nf3 Qd8 8.
Qc2 Bg7 9. Rd1 Bd7 10. b4 O-O 11. Bf4 e5 12. Bxe5 Qe7 13. Bxg7 Kxg7 14. a3 Kg8
15. Be2 a5 16. b5 Qxa3 17. O-O Qc5 18. Qd2 Bg4 19. Rc1 Qd6 20. Qe3 N8d7 21. Rfd1
Qe7 22. Nd4 Bxe2 23. Ncxe2 Ne5 24. Ng3 Rfd8 25. Qh6 Ng4 26. Qf4 Qe5 27. Qxg4
Rxd4 28. Rxd4 Qxd4 29. h4 Qe5 30. f4 Qd4+ 31. Kh2 Nc4 32. Qe2 Nd6 33. Rxc7 a4
34. Qa2 Qf6 35. e5 Qxh4+ 36. Kg1 Qxg3 37. exd6 Qe1+ 38. Kh2 Qh4+ 39. Kg1 Qxf4
40. b6 Qd4+ 41. Qf2 Qd1+ 42. Qf1 Qxf1+ 43. Kxf1 Rd8 44. d7 Kf8 45. Rxb7 Ke7 46.
Ra7 Rb8 47. d8=Q+ Kxd8 48. Rxf7 Rxb6 49. Ra7 Rb4 50. Rxh7 a3 51. Ra7 Rb1+ 52.
Kf2 Rb2+ 53. Kf3 a2 54. g4 Kc8 55. Kf4 Kb8 56. Ra3 Kc7 57. Kg5 Kd6 58. Kxg6 Kc5
59. g5 Kb4 60. Ra8 Kb3 61. Kg7 Rb1 62. g6 a1=Q+ 63. Rxa1 Rxa1 64. Kf6 Kc4 65. g7
Rf1+ 66. Ke7 Rg1 67. Kf7 Rxg7+ 68. Kxg7 1/2-1/2

[Event "4NCL 2017-18"]
[Site "England ENG"]
[Date "2018.05.05"]
[Round "9.31"]
[White "Howell, David W L"]
[Black "Claridge-Hansen, William"]
[Result "1-0"]
[WhiteTitle "GM"]
[BlackTitle "FM"]
[WhiteElo "2701"]
[BlackElo "2276"]
[WhiteTeam "Cheddleton"]
[BlackTeam "Oxford"]
[WhiteFideId "410608"]
[BlackFideId "422509"]
[EventDate "2017.11.11"]

1. e4 c5 2. Nf3 g6 3. c3 d5 4. e5 d4 5. cxd4 cxd4 6. Bb5+ Bd7 7. Bc4 Nc6 8. O-O
Bg7 9. Re1 Nh6 10. d3 O-O 11. Bf4 Bg4 12. Nbd2 Nf5 13. h3 Bxf3 14. Nxf3 e6 15.
a3 Rb8 16. Qe2 b5 17. Ba2 b4 18. Rec1 Na5 19. Bc4 bxa3 20. Rxa3 Qb6 21. b3 Ne7
22. Qe4 Nec6 23. Bg5 Rfc8 24. Bf6 Nxc4 25. Rxc4 Nb4 26. Bxg7 Kxg7 27. Nxd4 Rd8
28. Ra4 a5 29. Raxb4 axb4 30. Nc6 Rdc8 31. Nxb8 Rxb8 32. g3 Qa5 33. d4 Rd8 34.
Kg2 Qa3 35. Qf3 Kg8 36. Rc7 Rf8 37. Rb7 Qa5 38. h4 h5 39. Kh2 Qa3 40. Kg2 Qa5
41. Rd7 Qb5 42. Rd6 Rc8 43. d5 exd5 44. e6 Qe8 45. Qxd5 Kf8 46. Qe5 Rc7 47. e7+ 1-0

[Event "4NCL 2017-18"]
[Site "England ENG"]
[Date "2018.05.05"]
[Round "9.32"]
[White "Healey, Michael W"]
[Black "Hawkins, Jonathan"]
[Result "0-1"]
[BlackTitle "GM"]
[WhiteElo "2141"]
[BlackElo "2589"]
[WhiteTeam "Oxford"]
[BlackTeam "Cheddleton"]
[WhiteFideId "410012"]
[BlackFideId "412686"]
[EventDate "2017.11.11"]

1. e4 c6 2. d4 d5 3. f3 e6 4. Nc3 Bb4 5. a3 Bxc3+ 6. bxc3 dxe4 7. Qe2 c5 8. Bb2
Qb6 9. Qb5+ Qxb5 10. Bxb5+ Bd7 11. Bxd7+ Nxd7 12. fxe4 Ngf6 13. e5 Nd5 14. Nf3
Rc8 15. O-O-O N7b6 16. Ng5 Ne3 17. Rd3 cxd4 18. Ne4 O-O 19. Nd6 Rc6 20. Rxd4
Nbc4 21. Re1 Nxg2 22. Ree4 f5 23. exf6 Nxd6 24. Rg4 e5 25. Rxg7+ Kh8 26. Rdg4
Nf4 27. c4 Nxc4 28. Rxb7 Rb6 29. Rxf4 exf4 30. Bd4 Rbxf6 31. Rb4 f3 0-1

[Event "4NCL 2017-18"]
[Site "England ENG"]
[Date "2018.05.05"]
[Round "9.33"]
[White "Fodor, Tamas Jr."]
[Black "Hansen, Hans-Peter"]
[Result "1-0"]
[WhiteTitle "GM"]
[WhiteElo "2503"]
[BlackElo "2194"]
[WhiteTeam "Cheddleton"]
[BlackTeam "Oxford"]
[WhiteFideId "723762"]
[BlackFideId "1503502"]
[EventDate "2017.11.11"]

1. e4 c5 2. Nf3 g6 3. c3 d5 4. exd5 Qxd5 5. d4 Bg7 6. Na3 cxd4 7. Bc4 Qe4+ 8.
Be3 Nh6 9. cxd4 O-O 10. O-O Nc6 11. Re1 Qf5 12. d5 Na5 13. Bxh6 Bxh6 14. Rxe7
Qf6 15. d6 Nc6 16. Re1 Bg4 17. Bd5 Rad8 18. Bxc6 Rxd6 19. Qa4 Rxc6 20. Qxg4 Qxb2
21. Nc4 Qb4 22. Nfe5 Rc7 23. Rab1 Qa4 24. h4 Bg7 25. Nd6 Qxa2 26. Qf4 Qd5 27.
Ng4 Rd7 28. Rbd1 Qc6 29. Nf6+ Bxf6 30. Qxf6 Rfd8 31. Ne8 Rxd1 32. Qg7# 1-0

[Event "4NCL 2017-18"]
[Site "England ENG"]
[Date "2018.05.05"]
[Round "9.34"]
[White "Dickinson, Tim R"]
[Black "Williams, Simon K"]
[Result "0-1"]
[BlackTitle "GM"]
[WhiteElo "2049"]
[BlackElo "2460"]
[WhiteTeam "Oxford"]
[BlackTeam "Cheddleton"]
[WhiteFideId "405728"]
[BlackFideId "404454"]
[EventDate "2017.11.11"]

1. d4 e6 2. e4 d5 3. Nc3 Nf6 4. e5 Nfd7 5. f4 c5 6. Nf3 Nc6 7. Be3 Be7 8. Qd2 a6
9. Qf2 Qa5 10. O-O-O b5 11. Kb1 b4 12. Ne2 c4 13. c3 Rb8 14. Ka1 Nb6 15. cxb4
Bxb4 16. Bd2 Na4 0-1

[Event "4NCL 2017-18"]
[Site "England ENG"]
[Date "2018.05.05"]
[Round "9.36"]
[White "Burrows, Nick"]
[Black "Arkell, Keith C"]
[Result "0-1"]
[BlackTitle "GM"]
[WhiteElo "1933"]
[BlackElo "2414"]
[WhiteTeam "Oxford"]
[BlackTeam "Cheddleton"]
[WhiteFideId "432105"]
[BlackFideId "400270"]
[EventDate "2017.11.11"]

1. e4 g6 2. d4 Bg7 3. Nc3 c6 4. f4 d5 5. e5 h5 6. h3 Nh6 7. Nf3 Nf5 8. Bd3 Na6
9. a3 Nc7 10. O-O b6 11. Ne2 c5 12. c4 Bb7 13. Qa4+ Kf8 14. dxc5 bxc5 15. cxd5
Nxd5 16. Be4 Qb6 17. Kh2 Bc6 18. Bxd5 Bxa4 19. Bxa8 Bb5 20. Re1 Bd3 21. Nc3 c4
22. Ne4 Bh6 23. Neg5 Kg7 24. Be4 Rd8 25. e6 Bxg5 26. Bxf5 Bf6 27. Be3 Qb8 28.
Bxd3 Rxd3 29. Ne5 Bxe5 0-1

[Event "4NCL 2017-18"]
[Site "England ENG"]
[Date "2018.05.05"]
[Round "9.37"]
[White "Eggleston, David J"]
[Black "McKenna, Jason P"]
[Result "1-0"]
[WhiteTitle "IM"]
[WhiteElo "2407"]
[BlackElo "2091"]
[WhiteTeam "Cheddleton"]
[BlackTeam "Oxford"]
[WhiteFideId "412120"]
[BlackFideId "403857"]
[EventDate "2017.11.11"]

1. e4 g6 2. d4 Bg7 3. Nc3 d6 4. Be3 Nf6 5. Qd2 c6 6. Nf3 O-O 7. h3 e5 8. Bd3
Nbd7 9. dxe5 dxe5 10. O-O Qe7 11. Ne2 Re8 12. Ng3 Nc5 13. b4 Nxd3 14. cxd3 Nd7
15. Rab1 Nf8 16. d4 exd4 17. Bxd4 Rd8 18. Qe3 Bxd4 19. Nxd4 Ne6 20. Ndf5 Qf8 21.
Nh6+ Kh8 22. e5 Rd4 23. Rfd1 Rh4 24. Ng4 h5 25. Nf6 Rf4 26. Nge4 Kg7 27. g3 Rf5
28. h4 Nc7 29. Nd6 Rxf6 30. exf6+ Kxf6 31. Qd4+ Ke7 32. Nxb7 Ne6 33. Qd6+ Ke8
34. Qxc6+ 1-0

[Event "4NCL 2017-18"]
[Site "England ENG"]
[Date "2018.05.05"]
[Round "9.38"]
[White "Mate, Maria"]
[Black "Steil-Antoni, Fiona"]
[Result "0-1"]
[BlackTitle "WIM"]
[WhiteElo "1747"]
[BlackElo "2200"]
[WhiteTeam "Oxford"]
[BlackTeam "Cheddleton"]
[WhiteFideId "758981"]
[BlackFideId "4001249"]
[EventDate "2017.11.11"]

1. d4 d6 2. e4 Nf6 3. Nc3 Nbd7 4. Nf3 e5 5. dxe5 dxe5 6. a3 Bc5 7. Bc4 O-O 8.
O-O h6 9. h3 c6 10. a4 Qc7 11. Qe2 Re8 12. Bb3 Nf8 13. Be3 Bxe3 14. Qxe3 Be6 15.
Nd2 g5 16. Bxe6 Rxe6 17. Ne2 Nh5 18. Ng3 Nxg3 19. Qxg3 Ng6 20. Qe3 Qe7 21. g3
Rd6 22. Qe2 Qd7 23. Nc4 Rd4 24. Kh2 Rd8 25. c3 Rd3 26. Ne3 Ne7 27. Qh5 Qe6 28.
Qe2 Rd2 29. Qc4 Rxb2 30. Qxe6 fxe6 31. Rab1 Rxb1 32. Rxb1 b6 33. Ng4 Kg7 34.
Nxe5 h5 35. Nc4 Rd3 36. Rb3 Kf6 37. Kg2 Ng6 38. Nb2 Rd2 39. Nc4 Rc2 40. Ra3 Ne5
41. Ne3 Rb2 42. Nd1 Rd2 43. Ra1 Nc4 44. Kf3 Ke5 45. Rc1 Ra2 46. Ne3 Nd2+ 47. Kg2
Nxe4 48. Nc4+ Kf6 49. Kf3 Nxf2 50. h4 gxh4 51. gxh4 Nd3 52. Rf1 Nc5 53. Ke3+ Ke7
54. Ne5 Kd6 55. Nf7+ Kd5 56. Rc1 Nxa4 57. Kf4 Rf2+ 58. Kg5 Rxf7 59. Kg6 Rf5 60.
c4+ Ke5 61. Re1+ Kd6 62. Rd1+ Ke7 63. Ra1 b5 64. cxb5 cxb5 65. Rc1 Nc5 66. Ra1
a6 67. Ra5 Rf4 68. Kxh5 Ra4 69. Rxa4 bxa4 70. Kg6 a3 71. Kh7 a2 72. h5 Kf7 73.
h6 Nd7 74. Kh8 a1=Q+ 0-1

[Event "4NCL 2017-18"]
[Site "England ENG"]
[Date "2018.05.05"]
[Round "9.41"]
[White "Speelman, Jon S"]
[Black "Daskalov, Dimitar"]
[Result "1/2-1/2"]
[WhiteTitle "GM"]
[WhiteElo "2503"]
[BlackElo "2320"]
[WhiteTeam "Wood Green"]
[BlackTeam "Grantham Sharks"]
[WhiteFideId "400033"]
[BlackFideId "2902800"]
[EventDate "2017.11.11"]

1. Nf3 d6 2. d4 Nf6 3. Nc3 Nbd7 4. e4 e5 5. g3 Be7 6. Bg2 O-O 7. O-O Re8 8. Re1
Bf8 9. h3 c6 10. a4 a5 11. Be3 exd4 12. Bxd4 Nc5 13. Nd2 Ne6 14. Be3 d5 15. exd5
cxd5 16. Nb3 Bb4 17. Qd3 b6 18. Red1 Bxc3 19. Qxc3 Bb7 20. Nd4 Rc8 21. Nxe6 fxe6
22. Qb3 Nd7 23. Rac1 Qc7 24. c4 dxc4 25. Qb5 Bxg2 26. Rxd7 Qc6 27. Ra7 Bxh3 28.
Rxg7+ Kxg7 29. Qg5+ Kf7 30. Qh5+ Kg8 31. Qg5+ Kf7 32. Qh5+ Kg8 1/2-1/2

[Event "4NCL 2017-18"]
[Site "England ENG"]
[Date "2018.05.05"]
[Round "9.42"]
[White "Rendle, Thomas E"]
[Black "Harvey, Marcus R"]
[Result "1/2-1/2"]
[WhiteTitle "IM"]
[BlackTitle "FM"]
[WhiteElo "2365"]
[BlackElo "2358"]
[WhiteTeam "Grantham Sharks"]
[BlackTeam "Wood Green"]
[WhiteFideId "408760"]
[BlackFideId "400092"]
[EventDate "2017.11.11"]

1. d4 Nf6 2. c4 e6 3. Nc3 Bb4 4. Qc2 O-O 5. Nf3 c5 6. Bg5 cxd4 7. Nxd4 Nc6 8. e3
h6 9. Bh4 Nxd4 10. exd4 b6 11. Bd3 Bb7 12. O-O d5 13. cxd5 Bxc3 14. bxc3 Qxd5
15. f3 Rac8 16. Qd2 Qh5 17. Bxf6 gxf6 18. Rab1 Rfd8 19. Rb5 Rd5 20. a4 Qg5 21.
f4 Qh4 22. Be4 Rxb5 23. Bxb7 Rc7 24. axb5 Rxb7 25. g3 Qh5 26. f5 exf5 27. Qf4
Qg5 28. c4 Qxf4 29. gxf4 Re7 30. c5 bxc5 31. dxc5 Rb7 32. Rb1 Kf8 33. Kf2 Ke7
34. Ke3 a6 35. b6 Kd7 36. Ra1 Kc6 37. Rxa6 Kxc5 38. Ra5+ Kxb6 39. Rxf5 Kc6 40.
Kf3 h5 41. Rxf6+ Kd5 42. Rf5+ Ke6 43. Rxh5 f5 44. Kg3 Kf6 45. Rh6+ Kg7 46. Ra6
Rb4 47. Rd6 Ra4 48. h4 Ra3+ 49. Kg2 Ra2+ 50. Kf3 Ra3+ 51. Kg2 Ra2+ 52. Kg3 Ra3+
53. Kg2 1/2-1/2

[Event "4NCL 2017-18"]
[Site "England ENG"]
[Date "2018.05.05"]
[Round "9.43"]
[White "Fitzsimons, David"]
[Black "Roberson, Peter T"]
[Result "1-0"]
[WhiteTitle "FM"]
[BlackTitle "IM"]
[WhiteElo "2323"]
[BlackElo "2410"]
[WhiteTeam "Wood Green"]
[BlackTeam "Grantham Sharks"]
[WhiteFideId "2501961"]
[BlackFideId "412384"]
[EventDate "2017.11.11"]

1. e4 e6 2. d4 d5 3. Nc3 Nf6 4. e5 Nfd7 5. f4 c5 6. Nf3 Be7 7. Be3 b6 8. Qd2 O-O
9. Nd1 a5 10. c3 a4 11. Bd3 Ba6 12. O-O Nc6 13. f5 a3 14. b3 cxd4 15. cxd4 Bxd3
16. Qxd3 Nb4 17. Qe2 exf5 18. Bd2 Nb8 19. Ne3 Qd7 20. Nh4 Nc2 21. Nhxf5 Nxe3 22.
Bxe3 Kh8 23. Qf3 Nc6 24. Qg3 Rg8 25. Qh3 Qe6 26. Rf3 Bf8 27. Raf1 Nb4 28. R1f2
Rc8 29. Qh5 h6 30. Nxh6 gxh6 31. Rf6 Qxf6 32. Rxf6 Rg6 33. Rxg6 fxg6 34. Qxg6
Rc6 35. e6 Nxa2 36. e7 Rxg6 37. exf8=Q+ Kh7 38. Qxa3 1-0

[Event "4NCL 2017-18"]
[Site "England ENG"]
[Date "2018.05.05"]
[Round "9.44"]
[White "Bremner, Adam"]
[Black "Valdes Escobar, Alvaro"]
[Result "0-1"]
[WhiteTitle "CM"]
[BlackTitle "IM"]
[WhiteElo "2218"]
[BlackElo "2360"]
[WhiteTeam "Grantham Sharks"]
[BlackTeam "Wood Green"]
[WhiteFideId "2400847"]
[BlackFideId "3405451"]
[EventDate "2017.11.11"]

1. e4 c5 2. Nf3 d6 3. d4 cxd4 4. Nxd4 Nf6 5. Nc3 Nc6 6. Bg5 e6 7. Qd2 a6 8.
O-O-O Bd7 9. f4 b5 10. e5 dxe5 11. Nxc6 Bxc6 12. Qxd8+ Rxd8 13. Rxd8+ Kxd8 14.
fxe5 h6 15. Bxf6+ gxf6 16. exf6 Rg8 17. h4 Kc7 18. a4 Kb6 19. axb5 axb5 20. Ne2
Bc5 21. Rh2 Be3+ 22. Kd1 Rg6 23. g3 Rxf6 24. Bh3 e5 25. Ke1 Kc5 26. Nc3 Bd4 27.
Re2 Rf3 28. Bg2 Rxg3 29. Ne4+ Bxe4 30. Bxe4 Bxb2 31. Bd3 Bd4 32. Kd2 b4 33. Rh2
Kd5 34. h5 e4 35. Bb5 f5 36. Bf1 f4 37. Rg2 Bc3+ 38. Kd1 Rxg2 39. Bxg2 f3 0-1

[Event "4NCL 2017-18"]
[Site "England ENG"]
[Date "2018.05.05"]
[Round "9.45"]
[White "Houska, Jovanka"]
[Black "Tavares, Shawn P"]
[Result "0-1"]
[WhiteTitle "IM"]
[WhiteElo "2420"]
[BlackElo "2148"]
[WhiteTeam "Wood Green"]
[BlackTeam "Grantham Sharks"]
[WhiteFideId "405094"]
[BlackFideId "7700016"]
[EventDate "2017.11.11"]

1. d4 Nf6 2. Nf3 c5 3. e3 g6 4. dxc5 Bg7 5. a3 a5 6. Nc3 Qc7 7. e4 Na6 8. Bxa6
bxa6 9. Be3 Rb8 10. Rb1 Bb7 11. Bd4 O-O 12. Be5 Qxc5 13. Bxb8 Rxb8 14. O-O Nxe4
15. Qxd7 Nxf2 16. Rxf2 Bxf3 17. gxf3 Bxc3 18. Kg2 Rxb2 19. Rxb2 Bxb2 20. a4 h5
21. f4 Bf6 22. Rd2 Kg7 23. Kf3 Qg1 24. Qc8 Qf1+ 25. Ke3 e5 26. Rd7 exf4+ 27. Kd2
Qf2+ 28. Kd1 Qg1+ 29. Kd2 Qxh2+ 30. Kd1 Qg1+ 31. Kd2 Qe3+ 32. Kd1 f3 33. Qc4
Qg1+ 34. Kd2 Bg5+ 35. Kc3 Qe3+ 36. Kb2 Qe8 37. Rd3 Bf6+ 38. Ka2 Qe5 39. c3 Qe2+
40. Kb3 f2 0-1

[Event "4NCL 2017-18"]
[Site "England ENG"]
[Date "2018.05.05"]
[Round "9.46"]
[White "Willis, Rupert"]
[Black "McDonald, Neil"]
[Result "0-1"]
[BlackTitle "GM"]
[WhiteElo "2128"]
[BlackElo "2397"]
[WhiteTeam "Grantham Sharks"]
[BlackTeam "Wood Green"]
[WhiteFideId "1506951"]
[BlackFideId "400629"]
[EventDate "2017.11.11"]

1. c4 f5 2. Nc3 Nf6 3. g3 g6 4. Bg2 Bg7 5. d3 O-O 6. Rb1 a5 7. a3 d6 8. b4 axb4
9. axb4 c6 10. Nf3 e5 11. O-O h6 12. Bb2 Be6 13. Ra1 Rxa1 14. Qxa1 Nbd7 15. b5
d5 16. bxc6 bxc6 17. cxd5 cxd5 18. e3 Re8 19. Ne2 Bf7 20. d4 e4 21. Ne5 Qa8 22.
Nxd7 Nxd7 23. Qxa8 Rxa8 24. Ra1 Rb8 25. Ba3 g5 26. h3 Rb3 27. Bf1 Be6 28. Bd6
Kf7 29. Nc1 Rc3 30. Na2 Rc6 31. Bb4 f4 32. Nc3 fxe3 33. fxe3 Bf8 34. Bxf8 Rxc3
35. Bxh6 Rxe3 36. h4 Rxg3+ 37. Kh2 gxh4 38. Bb5 Nf6 39. Be2 Bg4 40. Ba6 Rb3 41.
Ra2 Bf5 42. Be2 Kg6 43. Bf4 Bg4 44. Ba6 Bf3 45. Bc8 Kh5 46. Ra6 Ng4+ 47. Bxg4+
Kxg4 48. Be5 Rb2+ 49. Kg1 e3 50. Rg6+ Kh3 0-1

[Event "4NCL 2017-18"]
[Site "England ENG"]
[Date "2018.05.05"]
[Round "9.47"]
[White "Taylor, Adam C"]
[Black "Cumbers, Paul"]
[Result "1-0"]
[WhiteTitle "FM"]
[WhiteElo "2309"]
[BlackElo "2152"]
[WhiteTeam "Wood Green"]
[BlackTeam "Grantham Sharks"]
[WhiteFideId "424668"]
[BlackFideId "411299"]
[EventDate "2017.11.11"]

1. Nf3 f5 2. d4 Nf6 3. Bf4 e6 4. e3 Be7 5. Bd3 O-O 6. O-O b6 7. c4 Bb7 8. Nc3
Ne4 9. Bxe4 fxe4 10. Nd2 d5 11. Qg4 Rf6 12. Rac1 c6 13. f3 exf3 14. Rxf3 Nd7 15.
Rg3 Rg6 16. Qh3 Qe8 17. cxd5 cxd5 18. Nb5 Qf7 19. Rc7 Ba6 20. Rxg6 hxg6 21. Rxd7
Bxb5 22. Rc7 Re8 23. Rxa7 Qf5 24. Qxf5 gxf5 25. Rb7 Bd8 26. Be5 Re7 27. Rxe7
Bxe7 28. Bc7 Bb4 29. Nf3 Bd3 30. Bxb6 Kf8 31. a3 Bd6 32. Bc5 Bxc5 33. dxc5 Ke7
34. b4 Kf6 35. c6 e5 36. c7 Ba6 37. b5 Bc8 38. a4 Ke6 39. a5 Kd6 40. b6 f4 41.
exf4 e4 42. Nd4 Kc5 43. Nf5 d4 44. Kf2 e3+ 45. Ke1 d3 46. Nxe3 Kd4 47. Kd2 1-0